Heartbeats /

Saved in:
Bibliographic Details
Main Author: Calloway, Jo
Format: Book
Language:English
Published: New York : Dell, c1984.
Series:Candlelight ecstasy romance ; 238
LEADER 00747nam a2200217 a 4500
001 c000263447
003 CARM
005 20070626112926.0
008 070626s1984 nyu 000 1 eng d
019 1 |a 45935066  |5 LACONCORD2021 
020 |a 0440136091 (pbk.) 
035 |a (OCoLC)11087500  |5 LACONCORD2021 
040 |a VCAV  |b eng  |c VCAV 
100 1 |a Calloway, Jo. 
245 1 0 |a Heartbeats /  |c Jo Calloway. 
260 |a New York :  |b Dell,  |c c1984. 
300 |a 186 p. 
440 0 |a Candlelight ecstasy romance ;  |v 238 
852 8 |b CARM  |h A1:AN06A0  |i A04385  |p 0380839  |f BK 
999 f f |i 21c85cd3-f4e7-5340-9823-02af4068afc3  |s 24bb6633-dd1e-5a6e-9502-db6b89b6ff76 
952 f f |p Can circulate  |a CAVAL  |b CAVAL  |c CAVAL  |d CARM 1 Store  |e A04385  |f A1:AN06A0  |h Other scheme  |i book  |m 0380839